P & S Amusements Ltd v Valley House Leisure Ltd and Peter Alfred Valentine (Record no. 77394)
[ view plain ]
| 000 -LEADER | |
|---|---|
| fixed length control field | 01647cab a2200217 4500 |
| 001 - CONTROL NUMBER | |
| control field | ##L134174 |
| 008 - FIXED-LENGTH DATA ELEMENTS--GENERAL INFORMATION | |
| fixed length control field | 060714n2006 000 0 eng u |
| 035 ## - SYSTEM CONTROL NUMBER | |
| System control number | (Sirsi) u134174 |
| 041 0# - LANGUAGE CODE | |
| Language code of text/sound track or separate title | eng |
| 245 00 - TITLE STATEMENT | |
| Title | P & S Amusements Ltd v Valley House Leisure Ltd and Peter Alfred Valentine |
| 260 ## - PUBLICATION, DISTRIBUTION, ETC. | |
| Date of publication, distribution, etc. | 2006 |
| 520 ## - SUMMARY, ETC. | |
| Summary, etc. | [2006] EWHC 1510 (Ch), 26 June 2006. Concerns an underlease restricting tenant V from purchasing beer from anyone other than a supplier nominated by landlord P, and where competition law was invoked in defence of V's breach of the beer tie covenant. V discovered that P was receiving discount payments on V's beer purchases from the nominated supplier, and so negotiated with the supplier to receive the discount payments instead of P. P then nominated another supplier, but V continued to purchase its beer from the original supplier. A judgment was made in P's favour that V was bound by a beer tie and was in breach of covenant. V raised competition law issues in its defence, saying that the beer tie was invalidated by Competition Act 1998 s2 and s18. "Held": V's case was fundamentally misconceived. An injunction and enquiry as to damages were granted to P. |
| 590 ## - LOCAL NOTE (RLIN) | |
| Local note | IKA180706 |
| 650 24 - SUBJECT ADDED ENTRY--TOPICAL TERM | |
| Topical term or geographic name entry element | P AND S AMUSEMENTS LTD V VALLEY HOUSE LEISURE LTD AND ANOTHER |
| 650 24 - SUBJECT ADDED ENTRY--TOPICAL TERM | |
| Topical term or geographic name entry element | COMPETITION ACT 1998 S2 |
| 650 24 - SUBJECT ADDED ENTRY--TOPICAL TERM | |
| Topical term or geographic name entry element | COMPETITION ACT 1998 S18 |
| 651 #4 - SUBJECT ADDED ENTRY--GEOGRAPHIC NAME | |
| Geographic name | England and Wales |
| Chronological subdivision | 1543- |
| 690 ## - LOCAL SUBJECT ADDED ENTRY--TOPICAL TERM (OCLC, RLIN) | |
| Topical term or geographic name as entry element | PROPERTY-COMMERCIAL PROPERTY-LEASEHOLD COMMERCIAL PROPERTY-COMMERCIAL LANDLORD AND TENANT |
| 856 40 - ELECTRONIC LOCATION AND ACCESS | |
| Uniform Resource Identifier | <a href="https://www.bailii.org/ew/cases/EWHC/Ch/2006/1510.html">https://www.bailii.org/ew/cases/EWHC/Ch/2006/1510.html</a> |
| Public note | View the item free of charge at www.bailii.org... |
| 942 ## - ADDED ENTRY ELEMENTS (KOHA) | |
| Suppress in OPAC | 0 |
| Withdrawn status | Lost status | Source of classification or shelving scheme | Damaged status | Not for loan | Home library | Current library | Shelving location | Date acquired | Total Checkouts | Full call number | Barcode | Date last seen | Copy number | Price effective from | Koha item type |
|---|---|---|---|---|---|---|---|---|---|---|---|---|---|---|---|
| Dewey Decimal Classification | Virtual | Virtual | Online | 14/07/2006 | ONLINE PUBLICATION | 134174-1001 | 06/08/2019 | 1 | 06/08/2019 | Law report |